000 00617nam a2200229Ia 4500
003 OSt
005 20221007074906.0
006 a|||||r|||| 00| 0
007 ta
008 221006b |||||||| |||| 00| 0 eng d
024 _a13,542
037 _cTextual
040 _aFLL
_cFLL
_beng
041 _2eng
_aeng
082 _aV73,7:3y7.N7, M5
100 _aCannon Mark W. Ed.
_9508429
245 0 _aViews from the bench
260 _aNew Delhi
_bAsian books India
_c1985
300 _axxii,329p
_ccm.
942 _hV73,7:3y7.N7, M5
_cTEXL
_2CC
999 _c1154054
_d1154054